| 000 | 00000nam##2200000za#4500 |
| 001 | 9.574591 |
| 003 | CaOODSP |
| 005 | 20241203113634 |
| 007 | cr ||||||||||| |
| 008 | 150406|1997||||xxc|||||o f|0| 0 eng|d |
| 040 | |aCaOODSP|beng |
| 043 | |an-cn--- |
| 086 | 1 |aEn56-119/4-1997E-IN |
| 110 | 1 |aCanada. |bEnvironment Canada. |
| 245 | 10|aClimate change and climate variability in Atlantic Canada|h[electronic resource]|c[edited by] Jim Abraham, Teresa Canavan and Roderick Shaw. |
| 260 | |aOttawa - Ontario : |bEnvironment Canada |c1997. |
| 300 | |a200p.|bgraphs, references, tables |
| 490 | 1 |aCanada country study|vVolume VI |
| 500 | |aThe catalogue number (En56-119/4-1997E) and ISBN (0-662-25923-8) for the print edition have been incorrectly copied in this electronic publication. |
| 546 | |a(Preface et introduction en français.) |
| 590 | |a12-31-Supp|b2012-07-06 |
| 720 | 1 |aAbraham, Jim |
| 720 | 1 |aCanavan, Teresa |
| 720 | 1 |aShaw, Roderick |
| 776 | 0#|tClimate change and climate variability in Atlantic Canada|w(CaOODSP)9.613939 |
| 830 | #0|aCanada country study ;|vVolume VI|w(CaOODSP)9.504444 |
| 856 | 40|ahttp://publications.gc.ca|qPDF|s1.16 MB|uhttps://publications.gc.ca/collections/Collection/En56-119-4-1997E.pdf|yVolume VI |